000 00765nam a2200241 i 4500
001 bg
100 1 _aHANDZLIK, Jarosław
245 1 0 _aĆwiczenia tablicowe z technologii organicznej /
_cJarosław Handzlik, Jan Ogonowski ; Politechnika Krakowska im. Tadeusza Kościuszki.
260 _aKraków :
_bPK,
_c1995.
300 _a263 s. :
_brys., wykr. ;
_c24 cm.
504 _aBibliogr. s. 261.
521 _aSkrypt dla studentów wyższych szkół technicznych.
650 9 _aTechnologia chemiczna organiczna
655 _aPodręczniki akademickie
700 1 _aOGONOWSKI, Jan
020 _a8390387824
040 _cBPK
041 0 _apl
080 _a661.7(075.8)
920 _a83-903878-2-4
942 _cKS
008 s pl f |000 0 pol
999 _c24875
_d24875
856 _uhttp://koha.tu.koszalin.pl/cgi-bin/koha/opac-detail.pl?biblionumber=24875
_yKatalog online BPK